000 00842nam a2200193Ia 4500
008 151121s9999||||xx |||||||||||||| ||und||
082 _a360/मिश्र
082 _bHNW-40287
100 _aमिश्र माधवप्रसाद-अनु।(टॉलस्टॉय)
245 _aसामाजिक कुरीतियां
260 _b"सत्साहित्य प्रकाशन मंडल, दिल्ली"
260 _c--
300 _a209
600 _aमिश्र माधवप्रसाद-अनु।(टॉलस्टॉय)
630 _aसामाजिक कुरीतियां
700 _aमिश्र माधवप्रसाद-अनु।(टॉलस्टॉय)
730 _aसामाजिक कुरीतियां
942 _cBOOK
999 _c1229921
_d1229918